Ark Survival Evolved: Island Creatures - Statistics

General Stats
  • This quiz has been taken 972 times
    861 since last reset
  • The average score is 51 of 123
Answer Stats
Type Creature % Correct
Alpha Alpha Raptor
85%
Dino Rex
85%
Alpha Alpha Rex
83%
Dino Raptor
82%
Alpha Alpha Carnotaurus
77%
Dino Carnotaurus
73%
Bird Argentavis
68%
Boss Dragon
67%
Dino Triceratops
67%
Alpha Alpha Megalodon
66%
Fish Megalodon
66%
Boss Broodmother Lysrix
65%
Bird Dodo
64%
Dino Parasaurolophus
64%
Reptile Pteranodon
63%
Dino Giganotosaurus
62%
Mammal Mammoth
62%
Alpha Alpha Mosasaurus
60%
Invertebrate Giant Bee
60%
Tek Tek Rex
59%
Dino Brontosaurus
58%
Dino Stegosaurus
58%
Tek Tek Raptor
58%
Reptile Mosasaurus
57%
Reptile Quetzal
57%
Mammal Sabertooth
57%
Dino Dilophosaurus
56%
Tek Tek Parasaurolophus
56%
Dino Allosaurus
55%
Mammal Direwolf
55%
Boss Megapithecus
53%
Boss Overseer
53%
Fish Sabertooth Salmon
51%
Dino Spinosaurus
51%
Dino Diplodocus
50%
Reptile Sarcosuchus
50%
Tek Tek Stegosaurus
50%
Alpha Alpha Tusoteuthis
49%
Dino Ankylosaurus
48%
Mammal Dire Bear
48%
Reptile Titanoboa
48%
Fantasy Unicorn
47%
Amphibian Beelzebufo
46%
Mammal Thylacoleo
46%
Reptile Kaprosuchus
45%
Fish Piranha
45%
Dino Microraptor
43%
Dino Yutyrannus
43%
Amphibian Diplocaulus
42%
Dino Therizinosaurus
42%
Invertebrate Araneo
41%
Mammal Gigantopithecus
41%
Invertebrate Tusoteuthis
41%
Dino Baryonyx
40%
Bird Terror Bird
40%
Dino Titanosaurus
40%
Mammal Woolly Rhino
40%
Dino Compsognathus
39%
Reptile Tapejara
39%
Fish Coelacanth
38%
Mammal Megatherium
38%
Mammal Mesopithecus
38%
Bird Pelagornis
38%
Dino Troodon
38%
Bird Ichthyornis
36%
Dino Pachycephalosaurus
36%
Mammal Paraceratherium
36%
Reptile Plesiosaurus
36%
Tek Tek Quetzal
36%
Reptile Megalania
35%
Invertebrate Meganeura
35%
Synapsid Moschops
35%
Invertebrate Pulmonoscorpius
35%
Invertebrate Trilobite
35%
Invertebrate Arthropluera
34%
Mammal Doedicurus
34%
Invertebrate Achatina
33%
Alpha Alpha Leedsichthys
33%
Bird Archaeopteryx
33%
Mammal Basilosaurus
33%
Reptile Dimorphodon
33%
Mammal Equus
33%
Synapsid Lystrosaurus
33%
Reptile Ichthyosaurus
32%
Bird Kairuku
32%
Fish Manta
32%
Dino Megalosaurus
32%
Synapsid Dimetrodon
31%
Invertebrate Leech
31%
Mammal Onyc
31%
Mammal Otter
31%
Invertebrate Ammonite
30%
Dino Iguanodon
30%
Fish Anglerfish
29%
Invertebrate Cnidaria
29%
Mammal Daeodon
29%
Fish Leedsichthys
29%
Invertebrate Titanomyrma
29%
Mammal Megaloceros
28%
Synapsid Purlovia
28%
Reptile Carbonemys
26%
Mammal Chalicotherium
26%
Reptile Liopleurodon
26%
Mammal Castoroides
25%
Fish Dunkleosteus
25%
Dino Kentrosaurus
25%
Dino Pegomastax
25%
Alpha Yeti
25%
Mechanical Attack Drone
24%
Mechanical Defense Unit
24%
Dino Gallimimus
24%
Bird Hesperornis
24%
Dino Pachyrhinosaurus
24%
Fish Electrophorus
23%
Dino Oviraptor
23%
Mammal Ovis
22%
Mammal Phiomia
22%
Invertebrate Dung Beetle
19%
Invertebrate Eurypterid
19%
Mammal Hyaenodon
18%
Mammal Procoptodon
18%
Mammal Polar Bear
14%
Synapsid Polar Purlovia
8%
No matching quizzes found
Score Distribution
Percent of People with Each Score
Percentile by Number Answered
Your Score History
You have not taken this quiz since the last reset